000 02023nam a2200565 i 4500
001 35367
003 KOSZ 005
005 20241115062938.0
008 241112s1991 pl a g 001 0 pol
015 _aUWD 1991/7150
020 _a8323203229
035 _a991001881859705066
035 _a(PL-WaBN)b10527837-48omnis_nlop
035 _ab10527837
035 _a(OCoLC)830071051
035 _a(PL)b0000001052783
035 _a(EXLNZ-48OMNIS_NETWORK)9910230455305606
040 _aWA N
_cWA N
_dKOSZ 005/RW
041 0 _apol
_beng
045 _bd1945
_bd1985
046 _k1991
080 _a94(438).083
080 _a008(438)"19"
100 1 _aMrówczyńska, Janina
_eAutor
245 1 0 _aPrzemiany w życiu kulturalnym Poznania w latach 1945-1985 /
_cJanina Mrówczyńska.
250 _aWydanie I.
260 _aPoznań :
_bWydawnictwo Naukowe UAM,
_c1991.
300 _a238 stron :
_bfaksy, fotografie, portrety ;
_c24 cm.
336 _aTekst
_btxt
_2rdacontent
337 _aBez urządzenia pośredniczącego
_bn
_2rdamedia
338 _aWolumin
_bnc
_2rdacarrier
380 _aKsiążki
380 _aPublikacje naukowe
388 1 _a1901-2000
388 1 _a1989-2000
490 1 _aNauki Polityczne / Uniwersytet im. Adama Mickiewicza w Poznaniu,
_x0137-141X ;
_vnr 12
504 _aBibliografia na stronach [202]-205. Indeks.
546 _aStreszczenie w języku angielskim.
648 7 _a1901-2000
_2DBN
648 7 _a1945-1989
_2DBN
650 7 _aKultura
_2DBN
651 7 _aPoznań (woj. wielkopolskie)
_2DBN
655 7 _aOpracowanie
658 _aEtnologia i antropologia kulturowa
710 2 _aWydawnictwo Naukowe Uniwersytetu im. Adama Mickiewicza (Poznań)
_4pbl
830 0 _aNauki Polityczne - Uniwersytet im. Adama Mickiewicza w Poznaniu
_vnr 12
856 _uhttps://koha.tu.koszalin.pl/cgi-bin/koha/opac-detail.pl?biblionumber=35367
_yKatalog online BPK
942 _2UKD
_cKS
999 _c35367
_d35367